000 00599nam a2200157 a 4500
008 120416s1967 ||||||||||||||||| || u
050 _aNA 2750 Sal
100 _aSalvadori, Mario
245 1 0 _aStructural design in architecture
260 _aEnglewood Cliffs, N. J.
_bFT Prentice-Hall
_c1967
300 _axv, 457p. : ill.
350 _a0.00
500 _awith example and problem solutions by John J. Farrell
700 _aLevy, Matthys
995 _D0.00
_FCBU-MAIN LIBRARY (Kitwe)
_H1
_I11.70
_M1
_UAVAILABLE
_ZAnnex Low-Usage Collection
999 _c58674
_d58674